| 000 | 01886 a2200229 4500 | ||
|---|---|---|---|
| 001 | 28196 | ||
| 005 | 20260407155554.0 | ||
| 008 | 260407a1963 arg spa d | ||
| 003 | AR-UNSa-BCEJYS | ||
| 040 |
_aAR-UNSa-BCEJYS _bspa _cAR-UNSa-BCEJYS |
||
| 080 |
_a657 _xContabilidad |
||
| 245 | 1 | 0 |
_aCurso de contabilidad _pIntroducción |
| 250 | _a2a. ed | ||
| 264 | 1 |
_aMéxico : _bUnión Tipográfica Editorial Hispano-Americana (UTEHA) _c1963 |
|
| 300 |
_a2v.(818; 510 p.) _c23 cm. |
||
| 505 | _aVol. I: Teoría y preguntas y problemas: 1. Activo, pasivo y capital - 2. Procedimientos básicos para la contabilidad - 3. Cambios en el capital. Cierre de libros - 4. Ajustes por gastos e ingresos acumulados. Hojas de trabajo - 5. Ajustes por ingresos y gastos diferidos. Hojas de trabajo (continuación) - 6. Operaciones con mercancías - 7. Diversos aspectos de operación - 8. Organización de los estados y del mayor. Estados clasificados - 9. Pagarés y aceptaciones - 10. Libros de registro original. Cuentas de control - 11. Empresas individuales. Sociedades en nombre colectivo - 12. Sociedades anónimas - 13. Sociedades anónimas (conclusión) - 14. El sistema de comprobantes - 15. El efectivo - 16. Cuentas por cobrar e inversiones - 17. Contabilización del inventario - 18. Activo fijo - 19. Pasivo - 20. Operaciones de producción - 21. Contabilidad de costos - 22. Principios contables - 23. El análisis de los estados financieros - 24. El estado de aplicación de fondos - 25. La contabilidad, instrumento de la administración - 26. Operaciones departamentales - 27. Consignaciones. Ventas en abonos. Sucursales - 28. Estados consolidados - Vol. II: Soluciones a los problemas y respuestas a las preguntas. | ||
| 942 | _cBK | ||
| 590 | _aniveau_biblio:m niveau_hierar:0 | ||
| 100 | 1 | _aFinney, H.A. | |
| 700 | 1 | _aMiller, Herbert E. | |
| 700 | 1 | _aVasquez Prada, Julian | |
| 999 |
_c1670 _d1670 |
||